Navy major shipbuilding programs and shipbuilders : issues and options for Congress /

Bibliographic Details
Main Author: O'Rourke, Ronald
Corporate Author: Library of Congress. Congressional Research Service
Format: Microform Book
Language:English
Published: [Washington, D.C.] : Congressional Research Service, Library of Congress, [1996]
Series:Major studies and issue briefs of the Congressional Research Service. Supplement ; 1997, reel 9, fr. 00125.
Subjects:

MARC

Tag First Indicator Second Indicator Subfields
LEADER 00000cam a2200000Ia 4500
001 in00001675430
005 20151024124926.0
007 hd afa014baca
008 990225s1996 dcua ab f000 0 eng d
035 |a (OCoLC)ocm40855371 
040 |a UP3  |c UP3  |d UtOrBLW 
043 |a n-us--- 
049 |a TXAM 
090 |a JK1108  |b .M35 Suppl. 1997 reel 9 
099 |a Film  |a S  |a 1707  |a 1997, reel 9, fr. 00125 
100 1 |a O'Rourke, Ronald. 
245 1 0 |a Navy major shipbuilding programs and shipbuilders :  |b issues and options for Congress /  |c Ronald O'Rourke. 
246 1 |i At head of title:  |a CRS report for Congress 
264 1 |a [Washington, D.C.] :  |b Congressional Research Service, Library of Congress,  |c [1996] 
300 |a 126 pages :  |b illustrations ;  |c 28 cm. 
336 |a text  |b txt  |2 rdacontent 
337 |a microform  |b h  |2 rdamedia 
338 |a microfilm reel  |b hd  |2 rdacarrier 
500 |a Cover title. 
500 |a "September 24, 1996." 
504 |a Includes bibliographical references (page 123). 
500 |a "96-785 F." 
533 |a Microfilm.  |b Arlington, Va. :  |c University Publications of America,  |d 1998.  |e on 1 microfilm reel ; 35 mm. Low reduction.  |f (Major studies and issue briefs of the Congressional Research Service. 1997 supplement ; reel 9, fr. 00125). 
500 |a Microform. 
610 1 0 |a United States.  |b Navy. 
650 0 |a Shipbuilding  |z United States. 
650 0 |a Shipbuilding contracts  |z United States. 
710 2 |a Library of Congress.  |b Congressional Research Service. 
830 0 |a Major studies and issue briefs of the Congressional Research Service.  |p Supplement ;  |v 1997, reel 9, fr. 00125. 
994 |a 92  |b TXA 
999 |a MARS 
999 f f |s 1797f66b-bf79-3506-b39e-da0d29cf63f4  |i 66a5e947-53e3-3098-8a1b-85388ea4dbaa  |t 0 
952 f f |a Texas A&M University  |b College Station  |c Sterling C. Evans Library  |d Evans: Microforms (3rd floor)  |t 0  |e Film S 1707 1997, reel 9, fr. 00125  |h Other scheme 
998 f f |a Film S 1707 1997, reel 9, fr. 00125  |t 0  |l Evans: Microforms (3rd floor)